| 000 | 00479nam a2200181Ia 4500 | ||
|---|---|---|---|
| 005 | 20250423100837.0 | ||
| 008 | 250422s9999 xx 000 0 und d | ||
| 020 | _a9781597841160 | ||
| 050 | _aPK 6482 .O42/ | ||
| 100 | _aOkuyucu, Cihan | ||
| 245 | 0 | _aRumi : biography and message | |
| 260 | _aSomerset, N.J. | ||
| 260 | _bLight | ||
| 260 | _c2007 | ||
| 300 | _a135 p | ||
| 650 | _aJalal al-Din Rumi, Maulana, 1207-1273 Mevlana Celaleddin Rûmî, 1207-1273 | ||
| 942 | _cBK | ||
| 999 |
_c34512 _d34512 |
||